000 01106nac a22003137a 4500
001 BR7405986
003 BR-BrBNA
005 20240105113810.0
008 230509b bl.|||m| |||| 00| 0 por d
040 _aBR-BrBNA
_bpor
_cBiblioteca Nacional de Agricultura
072 _aH10; H20
090 _a0311 BR7405986
110 1 _aInstituto de Pesquisas Agronomicas, Recife, PE (Brasil);
_96142
110 1 _aUniversidade Federal Rural de Pernambuco, Recife (Brasil)
245 1 _aFenologia do Eriophyes guerreronis (Keifer, 1965)(Acarina eriophyidae), em Pernambuco [Necrose; Coco; Cocos nucifera; Acaro; Brasil]
260 3 _aRecife, PE (Brasil):
_c1974.
300 _a54 p.
490 _aBoletim Tecnico - Instituto de Pesquisas Agronomicas (Brazil)
_vno. 66
_x
500 _aBibliography p. 48-54 (52 ref.); Summaries (En, Pt)
502 _aTese (Docente Livre)
650 _aPRAGA DE PLANTA
650 _aDOENCA DE PLANTA
650 _aCOCO
650 _aBIOLOGIA
650 _aACARO
650 _aPERNAMBUCO
909 _a202312
_bLúcia Elande
_c55
_dLúcia Elande
942 _2AGRIS
_n0
_cMS
999 _c265639
_d265639